00523nam a22001577a 450000500170000001000150001702000260003203500130005803700130007108200140008424500580009826000310015627000850018730000210027250500720029320140307114527.0 aENG-109019 a9788180389887c445.00 aEN-92552 bDBAD/PUB a346.54066 aLexisNexis the companies act, 2013 :bact 18 of 2013  aGurgaonbLexis Nexisc2013 a14th floor, Building No 10, Tower-B, DLF Cyber City, Phase-ll, bGurgaone122002 a830p.c24cm(pbk) aKey highlights and quick reference tables prepared by Vinod Kothari